[Event "IECC M-5402"]
[Site "IECC email"]
[Date "2006.01.08"]
[Round "?"]
[White "Baron, Ovidiu"]
[Black "Winfield, Mark David"]
[Result "1-0"]
[WhiteElo "1782"]
[BlackElo "1600"]
[PlyCount "31"]
[EventDate "2006.??.??"]
[EventType "tourn (corr)"]
[EventRounds "10"]
[SourceTitle "Corr 2008"]
[Source "ChessBase"]
[SourceDate "2008.06.24"]
[SourceVersion "1"]
[SourceVersionDate "2008.06.24"]
[SourceQuality "1"]

1. e4 e6 2. d4 d5 3. Nd2 Be7 4. Bd3 c5 5. dxc5 Nd7 6. exd5 exd5 7. b4 a5 8. a3 axb4 9. Bb2 bxa3 10. Bxg7 Bf6 11. Bxh8 Bxh8 12. Ra2 Nxc5 13. Ne2 Ne7 14. 0-0 Nc6 15. Qc1 Bb2 16. Rxb2 1-0